00273nam a22001097a 4500008004100000020001500041041000800056080000800064100000700072101000800079245007600087180925b xxu||||| |||| 00| 0 eng d a0070720517 aeng a370 a57 aEDU aWriting The 21 century Computers And Research WritingcWilliam.W